header

Heterogeneous combustion (Record no. 224360)

MARC details
000 -LEADER
fixed length control field 01664nam a2200361 a 4500
082 04 - DEWEY DECIMAL CLASSIFICATION NUMBER
Classification number 541.36
245 10 - TITLE STATEMENT
Title Heterogeneous combustion
260 ## - PUBLICATION, DISTRIBUTION, ETC. (IMPRINT)
Place of publication New York :
Name of publisher Academic Press,
Year of publication 1964.
300 ## - PHYSICAL DESCRIPTION
Number of Pages xv, 765 p. :
Other physical details ill.
490 1# - SERIES STATEMENT
Series statement Progress in astronautics and aeronautics ;
650 #0 - SUBJECT ADDED ENTRY--TOPICAL TERM
Topical Term Combustion
700 1# - ADDED ENTRY--PERSONAL NAME
Personal name Wolfhard, Hans G.
Personal name Glassman, Irvin.
Personal name Green, Leon.
856 40 - ELECTRONIC LOCATION AND ACCESS
Uniform Resource Identifier http://site.ebrary.com/lib/rucke/Doc?id=10516788

No items available.

© 2026 Rongo University
Contact us: librarian | system librarian | Rongo university